[Event "Warsaw AIG Life rapid 6th"]
[Site "Warsaw"]
[Date "2006.12.16"]
[Round "2"]
[White "Miton, Kamil"]
[Black "Schacht, Holger"]
[Result "1-0"]
[WhiteElo "2638"]
[BlackElo "2228"]
[PlyCount "57"]
[EventDate "2006.12.16"]
[EventType "swiss (rapid)"]
[EventRounds "13"]
[EventCountry "POL"]
[SourceTitle "CBM 115 Extra"]
[Source "ChessBase"]
[SourceDate "2007.01.10"]
[SourceVersion "1"]
[SourceVersionDate "2007.01.10"]
[SourceQuality "1"]

1. d4 d5 2. c4 e6 3. Nf3 c5 4. cxd5 exd5 5. Nc3 Nc6 6. Bf4 cxd4 7. Nxd4 a6 8. e3 Nf6 9. Be2 Bc5 10. Nb3 Bb4 11. 0-0 0-0 12. Rc1 Be6 13. Bf3 h6 14. Qd3 Qb6 15. Nxd5 Nxd5 16. Bxd5 Rfd8 17. e4 Rd7 18. Qg3 Bxd5 19. Bxh6 Bf8 20. exd5 Rxd5 21. Be3 Qb5 22. Qg4 Nb4 23. Nd4 Qa4 24. Nf5 Qd7 25. Rc5 Nxa2 26. Rxd5 Qxd5 27. Bd4 Re8 28. Bxg7 Re4 29. Qg5 1-0

[Event "Abu Dhabi op 16th"]
[Site "Abu Dhabi"]
[Date "2006.08.13"]
[Round "2"]
[White "Schacht, Holger"]
[Black "Javakhishvili, Lela"]
[Result "0-1"]
[WhiteElo "2254"]
[BlackElo "2418"]
[PlyCount "86"]
[EventDate "2006.08.12"]
[EventType "swiss"]
[EventRounds "9"]
[EventCountry "UAE"]
[SourceTitle "CBM 113 Extra"]
[Source "ChessBase"]
[SourceDate "2006.09.14"]
[SourceVersion "1"]
[SourceVersionDate "2006.09.14"]
[SourceQuality "1"]

1. d4 Nf6 2. c4 e6 3. Nc3 Bb4 4. Bg5 c5 5. d5 d6 6. e3 Bxc3+ 7. bxc3 h6 8. Bh4 Qe7 9. Nf3 e5 10. Qc2 Nbd7 11. Nd2 g5 12. Bg3 Kd8 13. f3 Kc7 14. Bd3 Nb6 15. 0-0-0 Bd7 16. Rde1 Rae8 17. h4 Nh5 18. Bf2 g4 19. fxg4 Bxg4 20. Ref1 Rhg8 21. Rhg1 Rg7 22. Be1 Nf6 23. e4 Reg8 24. Rf2 Nh5 25. Nf1 Bd7 26. Ne3 Nf4 27. Rh1 Rg3 28. Rf3 Rxf3 29. gxf3 Qf6 30. Bf1 Nh5 31. Qf2 Rg6 32. Kc2 Ng3 33. Rg1 Nxf1 34. Rxf1 Qg7 35. Kd3 f5 36. exf5 Rf6 37. Rg1 Qh7 38. Qg3 Bxf5+ 39. Kd2 Rg6 40. Qh2 Rxg1 41. Qxg1 Bb1 42. Qf1 Bxa2 43. f4 Qb1 0-1

[Event "Pula op 20th"]
[Site "Pula"]
[Date "2006.06.25"]
[Round "9"]
[White "Biti, Ozren"]
[Black "Schacht, Holger"]
[Result "1-0"]
[WhiteElo "2347"]
[BlackElo "2282"]
[PlyCount "59"]
[EventDate "2006.06.18"]
[EventType "swiss"]
[EventRounds "9"]
[EventCountry "CRO"]
[SourceTitle "CBM 112 Extra"]
[Source "ChessBase"]
[SourceDate "2006.07.14"]
[SourceVersion "1"]
[SourceVersionDate "2006.07.14"]
[SourceQuality "1"]

1. e4 c5 2. Nc3 Nc6 3. Bb5 Nd4 4. Bc4 g6 5. Nf3 Bg7 6. Nxd4 cxd4 7. Qf3 Nh6 8. Ne2 0-0 9. d3 e5 10. Qg3 d6 11. h4 Ng4 12. h5 Qf6 13. h6 Bh8 14. Rh4 Qe7 15. Rxg4 Bxg4 16. Qxg4 a6 17. f4 Bf6 18. Bd2 Kh8 19. Kf2 Qc7 20. Bb3 Bd8 21. Ng3 f6 22. Kg1 Qe7 23. Rf1 b5 24. f5 g5 25. Nh5 Ra7 26. Ng7 Rb7 27. Ne6 Re8 28. Bd5 Ra7 29. Nxg5 fxg5 30. f6 1-0

[Event "Bundesliga 8788"]
[Site "Germany"]
[Date "1988.??.??"]
[Round "?.5"]
[White "Runau, Ralf"]
[Black "Schacht, Holger"]
[Result "1/2-1/2"]
[WhiteElo "2335"]
[BlackElo "2310"]
[PlyCount "42"]
[EventDate "1987.10.??"]
[EventType "team-tourn"]
[EventRounds "15"]
[EventCountry "GER"]
[SourceTitle "GER-chT"]
[Source "ChessBase"]
[SourceDate "1999.07.01"]
[SourceVersion "1"]
[SourceVersionDate "1999.07.01"]
[SourceQuality "1"]
[WhiteTeam "Sindelfingen"]
[BlackTeam "Lasker Steglitz"]
[WhiteTeamCountry "GER"]
[BlackTeamCountry "GER"]

1. d4 Nf6 2. Nf3 e6 3. c4 Bb4+ 4. Nbd2 b6 5. e3 Bb7 6. Bd3 0-0 7. 0-0 d5 8. a3 Bd6 9. b4 c5 10. bxc5 bxc5 11. dxc5 Bxc5 12. Nb3 Be7 13. Bb2 dxc4 14. Bxc4 Qxd1 15. Rfxd1 Nc6 16. Kf1 Rfd8 17. Ke2 Kf8 18. Rac1 Rxd1 19. Rxd1 Rd8 20. Rxd8+ Nxd8 21. Na5 Ba8 1/2-1/2

[Event "Bundesliga 8788"]
[Site "Germany"]
[Date "1988.??.??"]
[Round "?.5"]
[White "Schacht, Holger"]
[Black "Kurz, Alexander"]
[Result "0-1"]
[WhiteElo "2310"]
[BlackElo "2300"]
[PlyCount "114"]
[EventDate "1987.10.??"]
[EventType "team-tourn"]
[EventRounds "15"]
[EventCountry "GER"]
[SourceTitle "GER-chT"]
[Source "ChessBase"]
[SourceDate "1999.07.01"]
[SourceVersion "1"]
[SourceVersionDate "1999.07.01"]
[SourceQuality "1"]
[WhiteTeam "Lasker Steglitz"]
[BlackTeam "Bamberg"]
[WhiteTeamCountry "GER"]
[BlackTeamCountry "GER"]

1. d4 Nf6 2. c4 g6 3. Nc3 d5 4. Bf4 Bg7 5. e3 c6 6. Nf3 0-0 7. Qb3 Qa5 8. Rc1 Nbd7 9. a3 c5 10. cxd5 cxd4 11. Nxd4 Nb6 12. Be5 Nbxd5 13. Qb5 Qxb5 14. Bxb5 Rd8 15. Na4 Ne4 16. Bxg7 Kxg7 17. 0-0 e5 18. Nb3 b6 19. Bc6 Rb8 20. Rfd1 Be6 21. Nd2 Nxe3 22. fxe3 Nxd2 23. Rc3 Nb3 24. Rxd8 Rxd8 25. Bf3 Rd2 26. Rc7 Rd7 27. Rc2 Na5 28. Nc3 Bb3 29. Re2 f5 30. g3 Bd1 31. Rf2 Bxf3 32. Rxf3 e4 33. Rf2 Nc4 34. Re2 Rd2 35. Rxd2 Nxd2 36. Nb5 a5 37. Nd6 Kf6 38. Kf2 Ke6 39. Nb5 Ke5 40. Ke2 Nc4 41. b3 Nd6 42. Nd4 g5 43. Nc6+ Kd5 44. Ne7+ Ke6 45. Nc6 h5 46. Kd2 h4 47. Kc3 h3 48. a4 Kd5 49. Ne7+ Kc5 50. Ng6 b5 51. Nf8 Kd5 52. Nh7 b4+ 53. Kd2 Nf7 54. Ke2 g4 55. Nf6+ Ke6 56. Ne8 Ng5 57. Ng7+ Ke5 0-1

[Event "Bundesliga 8788"]
[Site "Germany"]
[Date "1988.??.??"]
[Round "?.5"]
[White "Schacht, Holger"]
[Black "Vatter, Hans Joachim"]
[Result "1-0"]
[WhiteElo "2310"]
[BlackElo "2270"]
[PlyCount "101"]
[EventDate "1987.10.??"]
[EventType "team-tourn"]
[EventRounds "15"]
[EventCountry "GER"]
[SourceTitle "GER-chT"]
[Source "ChessBase"]
[SourceDate "1999.07.01"]
[SourceVersion "1"]
[SourceVersionDate "1999.07.01"]
[SourceQuality "1"]
[WhiteTeam "Lasker Steglitz"]
[BlackTeam "Zaehringen"]
[WhiteTeamCountry "GER"]
[BlackTeamCountry "GER"]

1. d4 Nf6 2. c4 c5 3. d5 b5 4. cxb5 a6 5. bxa6 g6 6. Nc3 Bxa6 7. Nf3 Bg7 8. g3 0-0 9. Bg2 d6 10. 0-0 Nbd7 11. Qc2 Qb6 12. Rd1 Rfb8 13. Rb1 Ng4 14. Bd2 Ra7 15. Be1 Rba8 16. b3 Nh6 17. a4 Nf5 18. e3 Qc7 19. Bf1 Bxf1 20. Kxf1 Bxc3 21. Qxc3 Qb7 22. e4 Ng7 23. Kg1 Ne8 24. Qe3 f6 25. Bc3 Qc8 26. Nd2 Ne5 27. f4 Nf7 28. Nc4 Rb8 29. Na5 Nd8 30. e5 Qd7 31. Qe4 Qg4 32. Re1 fxe5 33. fxe5 Qxe4 34. Rxe4 e6 35. exd6 Nxd6 36. Re5 exd5 37. Rxd5 Ne4 38. Be1 Rc7 39. Re5 Nf6 40. Rd1 Nf7 41. Re6 Ng4 42. h4 Nfe5 43. Bc3 Nf3+ 44. Kg2 Nd4 45. Bxd4 cxd4 46. Rxd4 Rc2+ 47. Kf3 Nh2+ 48. Ke4 Nf1 49. Rd3 Re2+ 50. Kd5 Rd8+ 51. Rd6 1-0

[Event "Bundesliga 8687"]
[Site "Germany"]
[Date "1987.??.??"]
[Round "?.6"]
[White "Haefner, Thomas"]
[Black "Schacht, Holger"]
[Result "1/2-1/2"]
[WhiteElo "2355"]
[BlackElo "2280"]
[PlyCount "91"]
[EventDate "1986.10.??"]
[EventType "team-tourn"]
[EventRounds "15"]
[EventCountry "GER"]
[SourceTitle "GER-chT"]
[Source "ChessBase"]
[SourceDate "1999.07.01"]
[SourceVersion "1"]
[SourceVersionDate "1999.07.01"]
[SourceQuality "1"]
[WhiteTeam "Karlsruhe"]
[BlackTeam "Lasker Steglitz"]
[WhiteTeamCountry "GER"]
[BlackTeamCountry "GER"]

1. c4 e6 2. Nc3 d5 3. d4 Nf6 4. Bg5 Be7 5. cxd5 exd5 6. e3 c6 7. Bd3 0-0 8. Nge2 Nbd7 9. Qc2 Re8 10. 0-0 Nf8 11. Rae1 h6 12. Bh4 Be6 13. f3 c5 14. dxc5 Qa5 15. Nd4 Qxc5 16. Qf2 a6 17. Rc1 Rac8 18. Rc2 Qb6 19. Rfc1 Rcd8 20. Na4 Qa7 21. Nc5 N6d7 22. Bxe7 Rxe7 23. Qh4 Rde8 24. Qf4 Nxc5 25. Rxc5 Bd7 26. R5c3 g5 27. Qd6 Rxe3 28. Qxd5 Bc6 29. Qd6 Ne6 30. Bh7+ Kxh7 31. Rxe3 Nxd4 32. Rxe8 Bxe8 33. Kh1 Bc6 34. Qf6 Kg8 35. Qxh6 Ne6 36. h4 Qf2 37. hxg5 Qd2 38. Rc4 Qe1+ 39. Kh2 Qe5+ 40. Kh1 Ng7 41. Rh4 Kf8 42. Qh8+ Ke7 43. Rh7 Qe1+ 44. Kh2 Qe5+ 45. Kh1 Qe1+ 46. Kh2 1/2-1/2

[Event "Bundesliga 8687"]
[Site "Germany"]
[Date "1987.??.??"]
[Round "?.7"]
[White "Roeder, Mathias"]
[Black "Schacht, Holger"]
[Result "0-1"]
[WhiteElo "2280"]
[BlackElo "2280"]
[PlyCount "70"]
[EventDate "1986.10.??"]
[EventType "team-tourn"]
[EventRounds "15"]
[EventCountry "GER"]
[SourceTitle "GER-chT"]
[Source "ChessBase"]
[SourceDate "1999.07.01"]
[SourceVersion "1"]
[SourceVersionDate "1999.07.01"]
[SourceQuality "1"]
[WhiteTeam "Bochum"]
[BlackTeam "Lasker Steglitz"]
[WhiteTeamCountry "GER"]
[BlackTeamCountry "GER"]

1. d4 Nf6 2. c4 c5 3. d5 d6 4. Nc3 g6 5. e4 Bg7 6. Bd3 0-0 7. Nge2 e6 8. 0-0 exd5 9. exd5 Ng4 10. Ng3 Be5 11. h3 Nxf2 12. Kxf2 Qh4 13. Qf3 f5 14. Nce2 f4 15. Kg1 g5 16. Qh5 Qxh5 17. Nxh5 Bd7 18. Bd2 Be8 19. g4 Nd7 20. Nc3 Bd4+ 21. Kg2 Ne5 22. Be2 Bg6 23. b3 Rae8 24. Rae1 a6 25. Bf3 Bd3 26. Ne4 Nxf3 27. Kxf3 Rxe4 28. Rxe4 Bxf1 29. Re1 Bd3 30. h4 h6 31. Re6 Bc2 32. Rxh6 Bd1+ 33. Ke4 f3 34. Rg6+ Kh7 35. Rxg5 Bc2# 0-1

[Event "Steglitz-ch"]
[Site "Berlin West"]
[Date "1987.??.??"]
[Round "?"]
[White "Schacht, Holger"]
[Black "Holzapfel, Daniel"]
[Result "0-1"]
[WhiteElo "2280"]
[BlackElo "2255"]
[PlyCount "260"]
[EventDate "1987.??.??"]
[EventType "swiss"]
[EventRounds "9"]
[EventCountry "GER"]
[SourceTitle "EXT 1997"]
[Source "ChessBase"]
[SourceDate "1996.11.15"]
[SourceVersion "1"]
[SourceVersionDate "1996.11.15"]
[SourceQuality "1"]

1. d4 Nf6 2. c4 e6 3. Nf3 b6 4. g3 Bb7 5. Bg2 Be7 6. 0-0 0-0 7. Nc3 Ne4 8. Bd2 f5 9. d5 Bf6 10. Rc1 Na6 11. Be1 Nac5 12. Nd4 Qe7 13. b4 Nxc3 14. Bxc3 Ne4 15. Be1 c5 16. bxc5 Qxc5 17. Nb3 Qd6 18. f3 Nc5 19. Bf2 Nxb3 20. axb3 exd5 21. f4 Bc6 22. cxd5 Bb5 23. Re1 Rac8 24. e4 fxe4 25. Bxe4 Qb4 26. Rxc8 Rxc8 27. Bd3 Bxd3 28. Qxd3 Qc3 29. Qf5 Bd4 30. Rf1 Bxf2+ 31. Rxf2 Qe1+ 32. Kg2 Qe7 33. Qd3 Re8 34. Rc2 Qd6 35. h4 h6 36. Qc4 Re3 37. Rf2 a6 38. Qd4 Rxb3 39. Re2 Qg6 40. Re3 Qc2+ 41. Kh3 Qf5+ 42. Kh2 Rxe3 43. Qxe3 b5 44. Qb6 Qxd5 45. Qxa6 Qc6 46. Qa5 d5 47. Qd8+ Kf7 48. h5 Qc2+ 49. Kh3 Qf5+ 50. Kg2 Qxh5 51. Qd7+ Kg8 52. Qxb5 Qf5 53. Qe8+ Kh7 54. Kf3 h5 55. Ke3 Qg6 56. Qe5 Qxg3+ 57. Kd4 Qg4 58. Kxd5 h4 59. f5 h3 60. Kd6 Qg5 61. Kc7 Qh4 62. Qe6 Qg3+ 63. Kc8 h2 64. Qe4 Kh6 65. Qe6+ Kh5 66. Qe8+ Kg4 67. Qg6+ Kf3 68. Qc6+ Kf2 69. Qc2+ Kf1 70. Qd1+ Kf2 71. Qc2+ Ke1 72. Qc1+ Ke2 73. Qc2+ Ke3 74. Qc3+ Kf4 75. Qc7+ Kf3 76. Qc6+ Kf4 77. Qd6+ Kxf5 78. Qxg3 h1Q 79. Qf2+ Kg6 80. Qg3+ Kh7 81. Qd3+ g6 82. Qd7+ Kh6 83. Qd2+ g5 84. Qd6+ Kh5 85. Qe5 Qc1+ 86. Kb7 Qf4 87. Qd5 Qf6 88. Qh1+ Kg6 89. Qe4+ Qf5 90. Qc6+ Kg7 91. Qc3+ Qf6 92. Qe3 g4 93. Ka7 Kf7 94. Qd3 Qf3 95. Qd7+ Kf6 96. Qd6+ Kf5 97. Qc5+ Ke4 98. Qb4+ Kd3 99. Qb1+ Ke2 100. Qc2+ Kf1 101. Qc1+ Kg2 102. Kb8 g3 103. Qd2+ Kg1 104. Qc1+ Qf1 105. Qe3+ Kh2 106. Qh6+ Qh3 107. Qf4 Qe6 108. Ka8 Qd5+ 109. Kb8 Kh3 110. Qh6+ Kg4 111. Qg7+ Kf4 112. Qf6+ Ke4 113. Qg6+ Kf3 114. Qf6+ Ke3 115. Qc3+ Qd3 116. Qc1+ Kf3 117. Qc6+ Ke2 118. Qg2+ Kd1 119. Qg1+ Kd2 120. Qg2+ Kc3 121. Qc6+ Kb2 122. Qf6+ Qc3 123. Qg5 Ka1 124. Qd5 Qb2+ 125. Kc7 Qc2+ 126. Kb8 Qb2+ 127. Kc7 Qc2+ 128. Kb8 g2 129. Qa5+ Qa2 130. Qb6 Qg8+ 0-1

[Event "Berlin-ch"]
[Site "Berlin West"]
[Date "1987.??.??"]
[Round "?"]
[White "Schacht, Holger"]
[Black "Muse, Mladen"]
[Result "0-1"]
[WhiteElo "2280"]
[BlackElo "2405"]
[PlyCount "95"]
[EventDate "1987.??.??"]
[EventType "tourn"]
[EventRounds "10"]
[EventCountry "GER"]
[EventCategory "1"]
[SourceTitle "TD"]
[Source "ChessBase"]
[SourceDate "1994.03.01"]
[SourceVersion "1"]
[SourceVersionDate "1994.03.01"]
[SourceQuality "1"]

1. e4 c6 2. d4 d5 3. Nc3 dxe4 4. Nxe4 Bf5 5. Ng3 Bg6 6. Nf3 Nd7 7. h4 h6 8. h5 Bh7 9. Bd3 Bxd3 10. Qxd3 e6 11. Bd2 Ngf6 12. 0-0-0 Qc7 13. Qe2 0-0-0 14. Ne5 Nb6 15. Rh4 c5 16. Ba5 Kb8 17. Qb5 Rd5 18. c4 cxd4 19. Rhxd4 Bd6 20. Rxd5 exd5 21. Bxb6 axb6 22. Nf3 Bxg3 23. fxg3 Rc8 24. Rd4 dxc4 25. Ne5 Qc5 26. Qxc5 Rxc5 27. Nxf7 Nxh5 28. g4 Nf6 29. Nd6 b5 30. Nf5 Nxg4 31. Rxg4 Rxf5 32. Rxg7 Rg5 33. Rh7 Rg6 34. g4 b4 35. Kc2 Ka7 36. a3 bxa3 37. bxa3 Ka6 38. Kc3 b5 39. Kb4 Rc6 40. Kc3 Ka5 41. Rg7 Rf6 42. g5 Rf3+ 43. Kb2 hxg5 44. Rxg5 Rf2+ 45. Kc3 Rf3+ 46. Kb2 Ka4 47. Rh5 Rb3+ 48. Ka2 0-1

[Event "Bundesliga 8687"]
[Site "Germany"]
[Date "1987.??.??"]
[Round "?.6"]
[White "Schacht, Holger"]
[Black "Runau, Ralf"]
[Result "0-1"]
[WhiteElo "2280"]
[BlackElo "2285"]
[PlyCount "74"]
[EventDate "1986.10.??"]
[EventType "team-tourn"]
[EventRounds "15"]
[EventCountry "GER"]
[SourceTitle "GER-chT"]
[Source "ChessBase"]
[SourceDate "1999.07.01"]
[SourceVersion "1"]
[SourceVersionDate "1999.07.01"]
[SourceQuality "1"]
[WhiteTeam "Lasker Steglitz"]
[BlackTeam "Sindelfingen"]
[WhiteTeamCountry "GER"]
[BlackTeamCountry "GER"]

1. d4 Nf6 2. Nf3 e6 3. Bg5 h6 4. Bh4 c5 5. e3 Qb6 6. Qc1 d6 7. Bd3 Bd7 8. 0-0 g5 9. Bg3 Nh5 10. Nbd2 g4 11. dxc5 Qxc5 12. Nd4 Nxg3 13. fxg3 Bg7 14. Ne4 Qe5 15. Nf2 h5 16. Bc4 Bh6 17. Qd1 Bxe3 18. c3 Nc6 19. Nxc6 Bxc6 20. Qd3 h4 21. Rae1 Bxf2+ 22. Kxf2 hxg3+ 23. hxg3 Qc5+ 24. Qd4 Rh2 25. Rg1 Kd7 26. b4 Qxd4+ 27. cxd4 b5 28. Bb3 a5 29. bxa5 Rxa5 30. Re2 b4 31. Ke3 f5 32. Rc2 Be4 33. Rc4 Rxg2 34. Rxg2 Bxg2 35. Rxb4 Ke7 36. Kf4 Be4 37. Rb6 Bd5 0-1

[Event "Steglitz-ch"]
[Site "Berlin West"]
[Date "1987.??.??"]
[Round "?"]
[White "Spaete, Ute"]
[Black "Schacht, Holger"]
[Result "0-1"]
[WhiteElo "2050"]
[BlackElo "2280"]
[PlyCount "68"]
[EventDate "1987.??.??"]
[EventType "swiss"]
[EventRounds "9"]
[EventCountry "GER"]
[SourceTitle "EXT 1997"]
[Source "ChessBase"]
[SourceDate "1996.11.15"]
[SourceVersion "1"]
[SourceVersionDate "1996.11.15"]
[SourceQuality "1"]

1. e4 c5 2. Nc3 Nc6 3. g3 g6 4. Bg2 Bg7 5. d3 d6 6. f4 e6 7. Nf3 Nge7 8. 0-0 0-0 9. Bd2 b6 10. Rb1 Ba6 11. a3 c4 12. Be3 cxd3 13. cxd3 d5 14. exd5 exd5 15. Bf2 Rc8 16. Re1 d4 17. Ne4 Nd5 18. b4 Nc3 19. Nxc3 dxc3 20. b5 Na5 21. Qc2 Bb7 22. Rb4 Re8 23. Rxe8+ Qxe8 24. a4 Qe7 25. Rb1 Bd5 26. Ne5 Bxg2 27. Kxg2 Bxe5 28. fxe5 Qxe5 29. Rb4 Rd8 30. Rf4 Qd5+ 31. Rf3 Qb3 32. Qc1 c2 33. Qg5 Qd5 34. Qc1 Rc8 0-1

[Event "Steglitz-ch"]
[Site "Berlin West"]
[Date "1987.??.??"]
[Round "?"]
[White "Vogel, Jaap"]
[Black "Schacht, Holger"]
[Result "0-1"]
[WhiteElo "2300"]
[BlackElo "2280"]
[PlyCount "96"]
[EventDate "1987.??.??"]
[EventType "swiss"]
[EventRounds "9"]
[EventCountry "GER"]
[SourceTitle "EXT 1997"]
[Source "ChessBase"]
[SourceDate "1996.11.15"]
[SourceVersion "1"]
[SourceVersionDate "1996.11.15"]
[SourceQuality "1"]

1. d4 Nf6 2. c4 e6 3. Nc3 d5 4. Nf3 Be7 5. cxd5 exd5 6. Bg5 c6 7. Qc2 g6 8. e3 Bf5 9. Qb3 Qb6 10. Be2 Nbd7 11. 0-0 0-0 12. Ne5 Rfe8 13. Nxd7 Nxd7 14. Bxe7 Rxe7 15. Rfc1 Qxb3 16. axb3 a6 17. b4 Rae8 18. Na4 g5 19. Nc5 Nxc5 20. bxc5 Bc8 21. Re1 f5 22. Kf1 Kg7 23. Bd3 Kf6 24. Re2 Be6 25. f3 Bf7 26. Rae1 Bh5 27. Kf2 g4 28. Kg3 Kg5 29. h4+ gxh3 30. gxh3 Rg7 31. h4+ Kf6+ 32. Kf4 Re4+ 33. Bxe4 dxe4 34. fxe4 Rg4+ 35. Kf3 Rxe4+ 36. Kg3 f4+ 37. Kf2 Bxe2 38. Rxe2 fxe3+ 39. Rxe3 Rxe3 40. Kxe3 Kf5 41. Kf3 a5 42. b3 h5 43. Ke3 Kg4 44. Ke4 Kxh4 45. Ke5 Kg5 46. Kd6 Kf6 47. Kc7 Ke6 48. Kxb7 Kd5 0-1